Word Ladder: Forgotten Civilization Quiz Stats

 Plays Quiz Updated Nov 17, 2016

Challenge
Share
Tweet
Embed
Score 0/30 Timer 03:00
0 Plays Today
Hint Answer % Correct
Grizzly mammalBEAR
93.9%
Stinging insectsBEES
92.8%
Malted alcoholic beverageBEER
92.8%
Close violentlySLAM
92.2%
Ernie's palBERT
91.1%
WagersBETS
91.1%
Household animalsPETS
90.7%
ChairSEAT
90.1%
Larger than a town✦CITY✦
89.7%
Edible molluskCLAM
89.4%
Fabric jointSEAM
87.6%
Unit of musical measurementBEAT
86.8%
Machu Picchu's country✦PERU✦
84.7%
Ancient building materialCLAY
83.8%
Sympathy or sorrowPITY
82.9%
Hint Answer % Correct
Missing✦LOST✦
82.1%
Holes in the groundPITS
81.4%
Modern PersiaIRAN
80.8%
Trim and chicPERT
76.6%
Luke Skywalker's auntBERU
75.7%
Bronze Age's successorIRON
75.3%
Dracula's StokerBRAM
75.3%
AnnoyancePEST
74.5%
GirderBEAM
74.2%
Pillar or stanchionPOST
73.2%
1982 Sci-fi Disney filmTRON
71.7%
Food carrierTRAY
68.2%
Famed supercomputerCRAY
64.5%
Schliemann's Homeric discovery✦TROY✦
63.4%
Ancient Arabian 'City of Pillars'✦IRAM✦
60.1%

Today's Daily Dose

You're not logged in!

Compare scores with friends on all Sporcle quizzes.
OR
Log In

You Might Also Like...

Show Comments

Extras

Top Quizzes Today


Score Distribution

Your Account Isn't Verified!

In order to create a playlist on Sporcle, you need to verify the email address you used during registration. Go to your Sporcle Settings to finish the process.

Report this User

Report this user for behavior that violates our Community Guidelines.

Details: